David chipperfield : (Record no. 353374)
[ view plain ]
| 000 -LEADER | |
|---|---|
| fixed length control field | 01694 a2200241 4500 |
| 003 - CONTROL NUMBER IDENTIFIER | |
| control field | OSt |
| 005 - DATE AND TIME OF LATEST TRANSACTION | |
| control field | 20180116192404.0 |
| 008 - FIXED-LENGTH DATA ELEMENTS--GENERAL INFORMATION | |
| fixed length control field | 120615t xxu||||| |||| 00| 0 eng d |
| 020 ## - INTERNATIONAL STANDARD BOOK NUMBER | |
| International Standard Book Number | 3865606881 (paperback) |
| 020 ## - INTERNATIONAL STANDARD BOOK NUMBER | |
| International Standard Book Number | 9783865606884 (paperback) |
| 040 ## - CATALOGING SOURCE | |
| Transcribing agency | 0 |
| 082 04 - DEWEY DECIMAL CLASSIFICATION NUMBER | |
| Classification number | 721 |
| 100 1# - MAIN ENTRY--PERSONAL NAME | |
| Personal name | Sudjic, Deyan. |
| 9 (RLIN) | 4662 |
| 245 10 - TITLE STATEMENT | |
| Title | David chipperfield : |
| Remainder of title | form matters / |
| Statement of responsibility, etc. | Deyan Sudjic, David Chipperfield. |
| 260 ## - PUBLICATION, DISTRIBUTION, ETC. | |
| Place of publication, distribution, etc. | London : |
| Name of publisher, distributor, etc. | Walther Konig, Koln, |
| Date of publication, distribution, etc. | 2009. |
| 300 ## - PHYSICAL DESCRIPTION | |
| Extent | 158 p. : |
| Other physical details | ill. ; |
| Dimensions | 27 cm. |
| 520 ## - SUMMARY, ETC. | |
| Summary, etc. | "As architects," writes David Chipperfield, "we must both be part of and stand apart from the culture within which we operate. To be effective we must embrace power but also distance ourselves, we must engage in dialogue and we must refuse to listen, we must explore the familiar and the unfamiliar, we must embrace history and reject it. Finally we must resolve our ideas in matter and form." This publication was initiated and designed by the architect, who, in four sections, writes on form, language, composition and materiality. His choice of images, including architectural sketches and drawings, help to make this a personal notebook that documents the resolution and realization of formal ideas from his own viewpoint. Also featuring plans and illustrations of built and unbuilt projects, it explores the relationship between form and matter, both theoretically and practically. |
| 650 10 - SUBJECT ADDED ENTRY--TOPICAL TERM | |
| Topical term or geographic name entry element | Architecture |
| Geographic subdivision | Great Britain |
| 9 (RLIN) | 4663 |
| 700 1# - ADDED ENTRY--PERSONAL NAME | |
| Personal name | Chipperfield, David. |
| 9 (RLIN) | 4664 |
| 856 40 - ELECTRONIC LOCATION AND ACCESS | |
| Materials specified | Amazon.com |
| Uniform Resource Identifier | <a href="http://www.amazon.com/exec/obidos/ASIN/3865606881/chopaconline-20">http://www.amazon.com/exec/obidos/ASIN/3865606881/chopaconline-20</a> |
| 942 ## - ADDED ENTRY ELEMENTS (KOHA) | |
| Institution code [OBSOLETE] | SADA |
| Koha item type | Book |
| Call number prefix | 721 SUD 2009 |
| Source of classification or shelving scheme | |
| 952 ## - LOCATION AND ITEM INFORMATION (KOHA) | |
| -- | BOOK |
| Withdrawn status | Lost status | Source of classification or shelving scheme | Damaged status | Not for loan | Permanent Location | Current Location | Date acquired | Total Checkouts | Total Renewals | Full call number | Barcode | Date last seen | Date last checked out | Cost, replacement price | Price effective from | Koha item type |
|---|---|---|---|---|---|---|---|---|---|---|---|---|---|---|---|---|
| School of Art Design and Architecture (SADA) | School of Art Design and Architecture (SADA) | 06/27/2011 | 4 | 1 | 721 SUD 2009 | SADA0001344 | 11/26/2015 | 11/18/2015 | 3900.00 | 08/05/2011 | Book |
